000 00502nam a22001697a 4500
005 20240809133348.0
008 240809b |||||||| |||| 00| 0 eng d
020 _a0409016837
041 _aEnglish
082 _a349 SOU
100 _lEnglish
245 _aIndex and Noter-Up to the South African Law Reports 1997
260 _aDurban:
_bButterworth Publishers (Pty) Ltd,
_c1998
300 _b349 pages;
_c25 cm.
650 _aLegal practice
_bLaw
942 _cBK
_6ALISON_BN_VRIES
999 _c2555
_d2555